Case / Η Εξέλιξη της Τεχνολογίας Λογισμικού (Record no. 1149)
[ view plain ]
| 000 -LEADER | |
|---|---|
| fixed length control field | 01716cam a22002054a 4500 |
| 005 - ΗΜΕΡΟΜΗΝΙΑ ΚΑΙ ΩΡΑ ΤΕΛΕΥΤΑΙΑΣ ΕΝΗΜΕΡΩΣΗΣ | |
| Πεδίο ελέγχου | 20250605163959.0 |
| 008 - FIXED-LENGTH DATA ELEMENTS--GENERAL INFORMATION | |
| Πεδίο ελέγχου σταθερού μήκους | 250528s ||||||||||||||||||||||||d |
| 035 ## - SYSTEM CONTROL NUMBER | |
| System control number | 15579 |
| 020 ## - ISBN | |
| ISBN | 9608510309 |
| 040 ## - ΠΗΓΗ ΚΑΤΑΛΟΓΟΓΡΑΦΗΣΗΣ | |
| Φορέας πρωτότυπης καταλογογράφησης | MC Athens Campus Library |
| Γλώσσα καταλογογράφησης | Ελληνικά, Μοντέρνα (1453-) |
| Modifying agency | MC Athens Campus Library |
| Κανόνες περιγραφικής καταλογογράφησης | AACR2 |
| 245 1# - ΤΙΤΛΟΣ ΚΑΙ ΔΗΛΩΣΗ ΥΠΕΥΘΥΝΟΤΗΤΑΣ | |
| Τίτλος | Case / Η Εξέλιξη της Τεχνολογίας Λογισμικού |
| 260 ## - PUBLICATION, DISTRIBUTION, ETC. | |
| Name of publisher, distributor, etc. | Ε.Π.Υ, |
| Date of publication, distribution, etc. | 1990 |
| 300 ## - PHYSICAL DESCRIPTION | |
| Extent | 272 |
| 520 ## - SUMMARY, ETC. | |
| Summary, etc. | Ό,τι χρειάζεται ένας σύγχρονος Manager ή ένας Μηχανικός Πληροφορικής για τη σύγχρονη κατασκευή Πληροφοριακών Συστημάτων. Πρόλογος, Σύντομη Ιστορική Αναδρομή της Τεχνολογίας Λογισμικού μέχρι και την Εμφάνιση Εργαλείων CASE, Αρχές και Τεχνικές και Μέθοδοι της Τεχνολογίας Λογισμικού, Δομημένη Ανάλυση και Σχεδίαση Συστημάτων, Μέθοδοι Μοντελοποίησης Δεδομένων/ Information Engineering, Εισαγωγή στο CASE, Απαιτήσεις Απχιτεκτονικής Προιόντων CASE, Εργαλεία CASE Δεύρης Γενιάς, CASE και Τεχνητή Νοημοσύνη, Σκέψεις ενός Manager πριν την επιλογή και αξιοποίηση ενός συστήματος CASE, Προιόντα CASE της Ελληνικής Αγοράς, Γλωσσάρι Χρήσιμων Όρων, Βιβλιογραφία. |
| 700 1# - ΠΡΟΣΘΕΤΗ ΑΝΑΓΡΑΦΗ--ΦΥΣΙΚΟ ΠΡΟΣΩΠΟ | |
| Personal name | Σαμουρκασιδης Αποστολος |
| 9 (RLIN) | 1536 |
| 700 1# - ΠΡΟΣΘΕΤΗ ΑΝΑΓΡΑΦΗ--ΦΥΣΙΚΟ ΠΡΟΣΩΠΟ | |
| Personal name | Χαλαρης Ιωαννης |
| 9 (RLIN) | 1537 |
| 942 ## - ADDED ENTRY ELEMENTS (KOHA) | |
| Koha item type | Books |
| Τύπος τεκμηρίου | Βιβλιοθήκη | Τρέχουσα τοποθεσία | Barcode | Αριθμός εισαγωγής | Ημερομηνία απόκτησης | Ταξιθετικό σύμβολο | Αριθμός αντιτύπου | Κατάσταση απόσυρσης | Κατάσταση χαμένου | Κατάσταση κατεστραμμένου | Μη δανεισμός | Σύνολο δανεισμών | Ημερομηνία τελευταίας εμφάνισης | Η τιμή ισχύει από |
|---|---|---|---|---|---|---|---|---|---|---|---|---|---|---|
| Books | MC Athens Campus Library | MC Athens Campus Library | 9780000011480 | 1926 | 05/06/2025 | 005.1 HAL | 1 | 05/06/2025 | 05/06/2025 |